Going for gold (Record no. 78526)
[ view plain ]
| 000 -LEADER | |
|---|---|
| fixed length control field | 01296cab a22002175a 4500 |
| 001 - CONTROL NUMBER | |
| control field | L137049 |
| 008 - FIXED-LENGTH DATA ELEMENTS--GENERAL INFORMATION | |
| fixed length control field | 070312e2007 xxk 000 0 eng d |
| 035 ## - SYSTEM CONTROL NUMBER | |
| System control number | (Sirsi) u137049 |
| 041 ## - LANGUAGE CODE | |
| Language code of text/sound track or separate title | eng |
| 100 ## - MAIN ENTRY--PERSONAL NAME | |
| Personal name | Sheehan, Bernie |
| 245 ## - TITLE STATEMENT | |
| Title | Going for gold |
| 260 ## - PUBLICATION, DISTRIBUTION, ETC. | |
| Date of publication, distribution, etc. | 2007 |
| 490 #0 - SERIES STATEMENT | |
| Series statement | Workplacelaw |
| Volume/sequential designation | (25) March 2007, 18-20(3) |
| 520 ## - SUMMARY, ETC. | |
| Summary, etc. | Considers how the CDM Regulations 2007 will impact on the Olympic Delivery Authority's (ODA) plans for the Olympic Park. Describes the scope of the Olympic Park, the remit of the ODA, and the next phase of the project, Making the Park 3D. Suggests that the ODA is well prepared for the new Regulations, and will benefit from changes such as the improved flow of information and the clarity of the client's responsibilities. The ODA is also taking steps to address the role of the designer in CDM and will shortly launch a communications exercise with designers. Outlines the ODA's health and safety standard and its close working relationship with the London Organising Committee of the Olympic Games. |
| 590 ## - LOCAL NOTE (RLIN) | |
| Local note | KA |
| 650 24 - SUBJECT ADDED ENTRY--TOPICAL TERM | |
| Topical term or geographic name entry element | OLYMPIC GAMES 2012 |
| 650 24 - SUBJECT ADDED ENTRY--TOPICAL TERM | |
| Topical term or geographic name entry element | CONSTRUCTION (DESIGN AND MANAGEMENT) REGULATIONS 2007 |
| 651 #4 - SUBJECT ADDED ENTRY--GEOGRAPHIC NAME | |
| Geographic name | LONDON |
| 690 ## - LOCAL SUBJECT ADDED ENTRY--TOPICAL TERM (OCLC, RLIN) | |
| Topical term or geographic name as entry element | BUILT ENVIRONMENT-CONSTRUCTION MANAGEMENT-CONSTRUCTION DESIGN AND MANAGEMENT |
| 942 ## - ADDED ENTRY ELEMENTS (KOHA) | |
| Suppress in OPAC | 0 |
| Withdrawn status | Lost status | Source of classification or shelving scheme | Damaged status | Not for loan | Home library | Current library | Shelving location | Date acquired | Total Checkouts | Full call number | Barcode | Date last seen | Copy number | Price effective from | Koha item type |
|---|---|---|---|---|---|---|---|---|---|---|---|---|---|---|---|
| Dewey Decimal Classification | London | London | Journal article | 12/03/2007 | L137049 | 137049-1001 | 06/08/2019 | 1 | 06/08/2019 | Journal article |